| Tag |
First Indicator |
Second Indicator |
Subfields |
| LEADER |
00000cas a2200000 a 4500 |
| 001 |
in00002492484 |
| 005 |
20211129181716.0 |
| 006 |
m | |
| 007 |
cr ||||||||||| |
| 008 |
090505d20042005dcu|| p|s f| 0spa c |
| 010 |
|
|
|a 2009231253
|
| 035 |
|
|
|a (OCoLC)ocn320239185
|
| 037 |
|
|
|b Fuel Cell Catalyst, 1625 K St., NW, Suite 725, Washington, DC 20006 USA
|
| 040 |
|
|
|a GPO
|c GPO
|d MvI
|d UtOrBLW
|
| 041 |
1 |
|
|a spa
|a eng
|
| 042 |
|
|
|a pcc
|
| 043 |
|
|
|a n-us---
|
| 049 |
|
|
|a WWW
|
| 074 |
|
|
|a 0430-S (online)
|
| 086 |
0 |
|
|a E 12.2:F 95/SPAN/
|
| 245 |
0 |
0 |
|a Fuel cell catalyst.
|
| 264 |
|
1 |
|a Washington, DC :
|b Consejo de Celdas de Combustible de los E.U.A. :
|b Laboratorio Nacional de Tecnologias en Energia :
|b Energia y el Centro Nacional de Investigación en Celdas de Combustible.
|
| 300 |
|
|
|a 2 volumes :
|b digital, PDF file.
|
| 310 |
|
|
|a Quarterly
|
| 336 |
|
|
|a text
|b txt
|2 rdacontent
|
| 337 |
|
|
|a computer
|b c
|2 rdamedia
|
| 338 |
|
|
|a online resource
|b cr
|2 rdacarrier
|
| 362 |
1 |
|
|a Began with v .4, no. 2 (Invierno 2004); ceased with v. 6, no. 1 (Otoño 2005).
|
| 538 |
|
|
|a Mode of access: Internet at the U.S. Fuel Cell Council web site. Address as of 5/1/09: http://www.usfcc.com/resources/backissues.html#Catalyst ; current access available via PURL.
|
| 500 |
|
|
|a Description based on: volume 4, number 2 (Invierno 2004); title from title screen (viewed on May 1, 2009).
|
| 500 |
|
|
|a Latest issue consulted: volume 6, number 1 (Otoño 2005).
|
| 546 |
|
|
|a In Spanish with English title.
|
| 580 |
|
|
|a Issued also in English.
|
| 500 |
|
|
|a Electronic resource.
|
| 610 |
2 |
0 |
|a US Fuel Cell Council
|v Periodicals.
|
| 650 |
|
0 |
|a Fuel cells
|v Periodicals.
|
| 650 |
|
0 |
|a Hydrogen as fuel
|x Research
|z United States
|v Periodicals.
|
| 650 |
|
0 |
|a Alternative fuel vehicles
|x Research
|z United States
|v Periodicals.
|
| 775 |
1 |
|
|t Fuel cell catalyst
|w (DLC) 2008231252
|w (OCoLC)320239125
|
| 710 |
2 |
|
|a US Fuel Cell Council.
|
| 710 |
2 |
|
|a National Energy Technology Laboratory (U.S.)
|
| 710 |
2 |
|
|a National Fuel Cell Research Center.
|
| 730 |
0 |
2 |
|a Fuel cell catalyst.
|l Spanish.
|
| 856 |
4 |
0 |
|u https://purl.fdlp.gov/GPO/LPS95625
|t 0
|
| 999 |
|
|
|a MARS
|
| 999 |
f |
f |
|s ca56d0f1-f42e-3483-a59a-ce7178b27fd2
|i ee5d1d5c-f58d-3017-8eb9-35369a1d8666
|t 0
|
| 952 |
f |
f |
|a Texas A&M University
|b College Station
|c Electronic Resources
|d Available Online
|t 0
|e E 12.2:F 95/SPAN/
|h Superintendent of Documents classification
|
| 998 |
f |
f |
|a E 12.2:F 95/SPAN/
|t 0
|l Available Online
|